000 00365nam a22001337a 4500
040 _cNUST
082 _a341.584
_b GHQ 2011
100 0 0 _aGHQ
_938260
245 _aSpirit of peace 50 Years of peacekeeping around the globe by Pakistan Army
_cGHQ
260 _aRawalpindi
_bGHQ
_c2011
300 _a157 p,
650 _2Pakistan Army-Peacekeeping
942 _2ddc
_cBK
999 _c612786
_d612786